000
00301nam a22001217a 4500
008
240921b |||||||| |||| 00| 0 eng d
020
_a
978-81-318-0640-1
100
_a
R K Garg & A Dixit
245
_a
Basic Electronics
260
_a
Delhi
_b
University Press
_c
2009
300
_a
469
942
_2
ddc
_c
BK
999
_c
20887
_d
20887